[Event "Hohenloher op 10th"]
[Site "Forchtenberg"]
[Date "2003.06.20"]
[Round "4"]
[White "Schindler, Sirko"]
[Black "Vasovic, Sinisa"]
[Result "0-1"]
[WhiteElo "1350"]
[BlackElo "1729"]
[PlyCount "104"]
[EventDate "2003.06.19"]
[EventType "swiss"]
[EventRounds "7"]
[EventCountry "GER"]
[SourceTitle "EXT 2004"]
[Source "ChessBase"]
[SourceDate "2003.11.25"]
[SourceVersion "1"]
[SourceVersionDate "2003.11.25"]
[SourceQuality "1"]

1. e4 c5 2. Nc3 Nc6 3. Nf3 e6 4. Bc4 Nf6 5. d3 d5 6. exd5 exd5 7. Bb3 Be6 8. Bg5 Be7 9. Qe2 0-0 10. 0-0 Re8 11. a3 Rc8 12. Rad1 a6 13. h3 b5 14. d4 c4 15. Ba2 Bd6 16. Qd2 h6 17. Bh4 Be7 18. Bg3 b4 19. axb4 Bxb4 20. Qe3 Bxh3 21. Qf4 Be6 22. Ne5 Nh5 23. Nxc6 Rxc6 24. Qf3 Nxg3 25. Qxg3 Bd6 26. Qf3 Qg5 27. Rfe1 Rcc8 28. b3 Bg4 29. Qxd5 Qxd5 30. Nxd5 Bxd1 31. Rxd1 cxb3 32. Bxb3 Rb8 33. Kf1 Re4 34. f3 Rh4 35. Kf2 a5 36. Nc3 Bb4 37. Ne4 Kf8 38. g4 Rh2+ 39. Kg3 Re2 40. d5 g6 41. Nf6 Bd6+ 42. f4 Ke7 43. Kf3 Rh2 44. Ne4 Rh3+ 45. Kg2 Re3 46. Nxd6 Kxd6 47. Kf2 Re4 48. Kf3 Rbb4 49. Rh1 Rxf4+ 50. Ke3 a4 51. Rh4 Rxb3+ 52. cxb3 h5 0-1

[Event "Hohenloher op 10th"]
[Site "Forchtenberg"]
[Date "2003.06.19"]
[Round "2"]
[White "Meduna, Eduard"]
[Black "Vasovic, Sinisa"]
[Result "0-1"]
[WhiteElo "900"]
[BlackElo "1729"]
[PlyCount "102"]
[EventDate "2003.06.19"]
[EventType "swiss"]
[EventRounds "7"]
[EventCountry "GER"]
[SourceTitle "EXT 2004"]
[Source "ChessBase"]
[SourceDate "2003.11.25"]
[SourceVersion "1"]
[SourceVersionDate "2003.11.25"]
[SourceQuality "1"]

1. e4 e6 2. Nf3 Be7 3. Bc4 d5 4. Be2 dxe4 5. Ne5 Bd6 6. Nc4 Nf6 7. Nxd6+ Qxd6 8. 0-0 Nc6 9. d3 exd3 10. Qxd3 Qxd3 11. Bxd3 Nb4 12. Rd1 e5 13. c3 Nxd3 14. Rxd3 Bf5 15. Rd1 0-0 16. Nd2 Rad8 17. b3 Rd6 18. Ba3 Ra6 19. Bxf8 Kxf8 20. Nc4 Nd7 21. Rd2 f6 22. Rad1 Ke7 23. f3 h6 24. g4 Be6 25. Ne3 Nf8 26. Nf5+ Kf7 27. Kg2 Ng6 28. h4 Bxf5 29. gxf5 Nxh4+ 30. Kg3 Nxf5+ 31. Kh2 Nd6 32. c4 Ke6 33. c5 Nf5 34. b4 Nd4 35. Kg3 Ra4 36. b5 Rb4 37. b6 axb6 38. cxb6 Rxb6 39. Rc1 c6 40. a4 Rb4 41. a5 Rb5 42. Ra1 Nb3 43. a6 bxa6 44. Rxa6 Nxd2 45. Rxc6+ Kf5 46. Rd6 Nc4 47. Rd7 g6 48. Rc7 Na5 49. Ra7 Nc6 50. Rc7 Nd4 51. Rd7 Rb3 0-1